Skyline 4: student's book

Saved in:
Bibliografiske detaljer
Main Authors: Brewster, Simon (Author), Davies, Paul (Author), Rogers, Mickey (Author)
Format: Bog
Sprog:engelsk
Udgivet: Oxford MacMillan 2002
Fag:
Tags: Tilføj Tag
Ingen Tags, Vær først til at tagge denne postø!

MARC

LEADER 00000nam a2200000 a 4500
001 UCM8134
003 CL-VaPUC
008 030124e20020000UK |||||||||||||||||eng|d
082 0 4 |a 428  |b BRE  |2 21 
100 0 |a Brewster, Simon  |e author  |9 474068 
700 0 |a Davies, Paul  |e author  |9 474069 
700 0 |a Rogers, Mickey  |e author  |9 474070 
245 1 0 |a Skyline 4: student's book 
300 |a 113 p 
942 |c BK 
945 |d 20030124 00:00:00  |a cmena 
260 |a Oxford  |b MacMillan  |c 2002 
500 |a Complementario con cassette y video 
650 0 |a Educación lingüística  |9 306506 
650 0 |a Enseñanza del inglés  |9 367340 
650 0 |a Lengua inglesa  |9 318842 
650 0 |a Métodos de enseñanza  |9 270413 
583 |a last modification  |c 20030124 00:00:00  |k Rodrigo Vera 
999 |c 302719  |d 302717 
952 |0 0  |1 0  |4 0  |6 428_000000000000000_BRE_2002  |7 0  |8 A  |9 363434  |a BIBEDU  |b BIBEDU  |d 2019-11-21  |i 3877825  |o 428 BRE 2002  |p 3877825  |r 2019-11-21  |w 2019-11-21  |y BK  |k LIT